Translate These Countries From Finnish into English - Statistics

General Stats
  • This quiz has been taken 821 times
  • The average score is 14 of 20
Answer Stats
Finnish English % Correct
Norja Norway
97%
Suomi Finland
96%
Kiina China
86%
Sveitsi Switzerland
80%
Kreikka Greece
75%
Unkari Hungary
75%
Saksa Germany
72%
Kongon tasavalta Republic of the Congo
72%
Tanska Denmark
70%
Tšekki Czech Republic
69%
Yhdistynyt kuningaskunta United Kingdom
69%
Ruotsi Sweden
68%
Uusi-Seelanti New Zealand
66%
Ranska France
65%
Yhdysvallat United States
65%
Viro Estonia
60%
Valko-Venäjä Belarus
57%
Alankomaat Netherlands
54%
Itävalta Austria
53%
Norsunluurannikko Côte d'Ivoire
41%
No matching quizzes found
Score Distribution
Percent of People with Each Score
Percentile by Number Answered
Your Score History
You have not taken this quiz